El siglo de China: la floresciente economía de China y su impacto en la economía global, en el equilibrio del poder y en los empleos
Պահպանված է:
| Հիմնական հեղինակ: | |
|---|---|
| Ձևաչափ: | Գիրք |
| Լեզու: | իսպաներեն |
| Հրապարակվել է: |
Bogotá
Norma
2007
|
| Խորագրեր: | |
| Ցուցիչներ: |
Ավելացրեք ցուցիչ
Չկան պիտակներ, Եղեք առաջինը, ով նշում է այս գրառումը!
|
MARC
| LEADER | 00000nam a2200000 a 4500 | ||
|---|---|---|---|
| 001 | UCI8661 | ||
| 003 | CL-VaPUC | ||
| 008 | 080922e20070000CK |||||||||||||||||spa|d | ||
| 020 | |a 9789580486756 | ||
| 082 | 0 | 4 | |a 337.51 |b SHE |2 21 |
| 100 | 0 | |a Shenkar, Oded |e author |9 532223 | |
| 245 | 1 | 3 | |a El siglo de China: la floresciente economía de China y su impacto en la economía global, en el equilibrio del poder y en los empleos |
| 300 | |a 270 p | ||
| 942 | |c BK | ||
| 945 | |d 20080922 00:00:00 |a rbrito | ||
| 260 | |a Bogotá |b Norma |c 2007 | ||
| 650 | 0 | |a Economía |9 255568 | |
| 650 | 0 | |a Desarrollo económico |9 259599 | |
| 650 | 0 | |a Economía internacional |9 258254 | |
| 650 | 0 | |a Globalización |9 361930 | |
| 651 | 0 | |a China |9 257545 | |
| 583 | |a last modification |c 20080922 00:00:00 |k Rodrigo Vera | ||
| 999 | |c 331477 |d 331475 | ||
| 952 | |0 0 |1 0 |4 0 |6 337_510000000000000_SHE_2007 |7 0 |8 A |9 418161 |a BIBHIS |b BIBHIS |d 2019-11-22 |i 4482190 |l 1 |o 337.51 SHE 2007 |p 4482190 |r 2025-01-20 |s 2021-06-08 |w 2019-11-22 |y BK |k HIS | ||